<?xml version="1.0" encoding="UTF-8"?><?xml-stylesheet type="text/xsl" href="static/style.xsl"?><OAI-PMH xmlns="http://www.openarchives.org/OAI/2.0/" xmlns:xsi="http://www.w3.org/2001/XMLSchema-instance" xsi:schemaLocation="http://www.openarchives.org/OAI/2.0/ http://www.openarchives.org/OAI/2.0/OAI-PMH.xsd"><responseDate>2026-04-26T20:26:54Z</responseDate><request verb="GetRecord" identifier="oai:uvadoc.uva.es:10324/719" metadataPrefix="marc">https://uvadoc.uva.es/oai/request</request><GetRecord><record><header><identifier>oai:uvadoc.uva.es:10324/719</identifier><datestamp>2022-03-07T09:46:22Z</datestamp><setSpec>com_10324_30605</setSpec><setSpec>com_10324_894</setSpec><setSpec>col_10324_41</setSpec></header><metadata><record xmlns="http://www.loc.gov/MARC21/slim" xmlns:doc="http://www.lyncode.com/xoai" xmlns:xsi="http://www.w3.org/2001/XMLSchema-instance" xmlns:dcterms="http://purl.org/dc/terms/" xsi:schemaLocation="http://www.loc.gov/MARC21/slim http://www.loc.gov/standards/marcxml/schema/MARC21slim.xsd">
<leader>00925njm 22002777a 4500</leader>
<datafield tag="042" ind1=" " ind2=" ">
<subfield code="a">dc</subfield>
</datafield>
<datafield tag="720" ind1=" " ind2=" ">
<subfield code="a">Frechoso Escudero, Fernando</subfield>
<subfield code="e">author</subfield>
</datafield>
<datafield tag="260" ind1=" " ind2=" ">
<subfield code="c">1996</subfield>
</datafield>
<datafield tag="520" ind1=" " ind2=" ">
<subfield code="a">Este trabajo se enmarca dentro del Análisis Predictivo de la Fiabilidad de Redes de&#xd;
Distribución de Energía Eléctrica. Con él se pretende obtener un&#xd;
método para la obtención de Índices de Calidad de Servicio que&#xd;
incorpore un tratamiento más realista de los eventos que suceden en&#xd;
una Red de Distribución Eléctrica, utilizando una técnica de&#xd;
simulación estocástica. Se utilizaron una red aérea, una subterránea&#xd;
y otra mixta. También, se obtuvieron, para los puntos carga de los&#xd;
tipos de red analizados, las distribuciones estadísticas asociadas al&#xd;
Tiempo de Indisponibilidad y Tiempo hasta el Fallo. A partir de&#xd;
estas distribuciones se obtuvo una medida precisa del tiempo de&#xd;
indisponibilidad máximo provocado por una interrupción y de la&#xd;
duración mínima y máxima transcurrida entre interrupciones; estos&#xd;
valores se proponen como nuevos Índices de Calidad que enfocan&#xd;
la fiabilidad más desde el punto de vista del cliente que desde el de&#xd;
la Compañía Eléctrica.</subfield>
</datafield>
<datafield tag="024" ind2=" " ind1="8">
<subfield code="a">http://uvadoc.uva.es/handle/10324/719</subfield>
</datafield>
<datafield tag="024" ind2=" " ind1="8">
<subfield code="a">b1300874</subfield>
</datafield>
<datafield tag="024" ind2=" " ind1="8">
<subfield code="a">10.35376/10324/719</subfield>
</datafield>
<datafield ind1=" " ind2=" " tag="653">
<subfield code="a">Energía eléctrica-Distribución-Fiabilidad</subfield>
</datafield>
<datafield ind1=" " ind2=" " tag="653">
<subfield code="a">Procesos estocásticos</subfield>
</datafield>
<datafield tag="245" ind1="0" ind2="0">
<subfield code="a">Simulación estocástica de eventos en redes de distribución de energía eléctrica</subfield>
</datafield>
</record></metadata></record></GetRecord></OAI-PMH>